[Event "FIDE Chesscom Grand Swiss 2021"]
[Site "Riga"]
[Date "2021.11.05"]
[Round "9.24"]
[White "Donchenko, Alexander"]
[Black "Hovhannisyan, Robert"]
[Result "1/2-1/2"]
[WhiteElo "2648"]
[BlackElo "2622"]
[Annotator "TA"]
[PlyCount "264"]
[EventDate "2021.10.27"]
[EventType "swiss"]
[EventCountry "LAT"]
[Tiebreak "Cut1 Buchholz+Sonneborn-Berger (Swiss)"]
[SourceTitle "playchess.com"]
[Source "ChessBase"]
[SourceQuality "1"]

{[%evp 9,264,18,29,5,9,14,13,9,25,31,29,22,24,23,21,14,34,25,28,40,29,20,66,73,
66,15,150,127,143,142,200,200,193,184,160,75,75,72,80,78,78,78,78,75,93,65,68,
70,72,73,74,68,74,68,70,68,106,68,104,60,75,72,80,60,74,60,80,60,77,73,75,60,
82,68,81,74,74,74,75,68,79,0,80,0,84,0,94,0,86,86,87,70,72,70,79,69,79,87,94,
68,98,37,72,55,73,73,73,31,35,31,34,31,87,40,73,34,73,34,35,31,41,42,86,36,34,
34,34,34,34,34,34,34,36,35,36,35,36,36,37,37,37,37,37,34,34,14,17,24,34,8,8,0,
0,0,0,0,0,0,0,0,0,0,7,0,8,7,8,8,8,8,8,8,8,8,8,8,8,8,8,8,8,8,8,8,8,8,8,8,69,31,
69,69,69,69,69,69,69,69,69,69,69,69,69,8,8,8,63,8,8,0,0,0,0,0,0,0,0,0,0,0,0,0,
0,0,0,0,0,0,0,0,8,0,8,0,0,0,0,0,0,0,0,0,8,0,0,0,0,0,0,0,0,0,0,0,0,0,0]} 1. d4
d5 2. c4 c6 3. Nf3 Nf6 4. e3 Bg4 5. h3 Bh5 6. cxd5 {D11: Slav Defence: 3 Nf3
sidelines and 3...Nf6 4 e3 Bg4.} cxd5 {is the legacy move (6...Bxf3).} 7. Nc3
e6 8. Qb3 Bxf3 {[#]} 9. Qxb7 $146 ({Predecessor:} 9. gxf3 Qd7 10. Bd2 Nc6 11.
Rc1 Be7 12. Na4 O-O 13. Bb5 Rfc8 14. Ke2 Qd8 15. Nc5 {0-1 (56) Shyam,S (2502)
-Nabaty,T (2579) Golden Sands 2013}) 9... Bxg2 10. Bxg2 Nbd7 11. O-O Be7 12. e4
$36 {[%cal Re4d5][%mdl 2048] White has the initiative.} Rb8 13. Qxa7 {
Threatening Bf4.} Ra8 14. Qb7 Rb8 15. Qa6 dxe4 16. a4 {[%cal Ba2a4,Ba4a5][%mdl
32]} O-O 17. Qe2 ({White should try} 17. a5 $14) 17... e5 (17... Qa5 $11) 18.
dxe5 $16 ({Don't do} 18. Nxe4 $6 exd4 19. Bf4 Rb4 $14) 18... Nxe5 19. Nxe4 Nd3
{[#]} (19... Qa5 $16 {was necessary.} 20. Bf4 Rfe8) 20. a5 $1 $18 {[%cal Ra5a6]
} Nxc1 21. Rfxc1 Nxe4 22. Qxe4 (22. Bxe4 $142 Bf6 23. Rc2) 22... Rxb2 $16 {
Black wants to play ...Bh4.} 23. a6 Bh4 24. a7 Bxf2+ 25. Kh1 Bxa7 26. Rxa7 Rd2
27. Qg4 Rd4 28. Qe2 g6 29. Rf1 Rd7 30. Ra2 Re7 31. Qc4 Qc7 32. Qh4 Qe5 33. Raf2
Rc7 34. Qa4 Re7 35. Qc4 Qe6 36. Qb5 Qe3 37. Rf4 Qe2 38. Qb4 {Black must now
prevent Bd5.} Qe3 39. R4f3 Qe5 40. Qa3 Qe2 41. R1f2 Qe6 42. Rf6 Qe1+ 43. Rf1
Qe3 44. Qb4 Qe5 45. R6f4 Qe3 46. R4f3 Qe5 47. Qa3 Qe2 $1 48. R1f2 Qe6 49. Bf1 {
Re2 is the strong threat.} Rb7 50. Re3 Qc6+ 51. Kg1 Rc7 52. Ref3 Qb6 53. Rf6
Qc5 54. Qg3 Re7 55. h4 (55. Qf4 $16) 55... Qe5 56. Qg4 Qc5 57. Bc4 {Strongly
threatening Qf4.} Kg7 58. R6f5 Re5 59. R5f4 {[%cal Rc4f7]} ({Avoid the trap} 
59. Rxf7+ $2 Rxf7 60. Bxf7 Rf5 $19) 59... Re1+ 60. Kh2 {[%cal Rf4f7]} Re7 ({
Better is} 60... f5 $14 61. Qg3 Re3) 61. Qf3 {Hoping for Qc3+.} Qe3 62. Qc6 Qe5
63. Kg2 f5 64. Qf3 Qf6 65. Qg3 Re5 66. Rd4 Rfe8 67. Bd5 Re2 68. Rb4 {Threatens
to win with Bf3.} Qe5 69. Qxe5+ R8xe5 70. Rb7+ Kh6 {[#] aiming for ...Rxf2+.}
71. Rxe2 Rxe2+ $14 {[%mdl 4096] Endgame KRB-KR} 72. Kf3 {Intending Bg8 and
mate.} Rh2 73. Kg3 Rd2 74. Bg8 {[%csl Gg8][%cal Rb7h7]} (74. Rb5 {is
interesting.} Kg7 75. Bc4 Rd6 76. Rc5 Rd1 77. Rc7+) 74... Rd3+ 75. Kf2 {
[%csl Gg8][%cal Rb7h7]} Kh5 76. Bc4 Rd2+ 77. Ke3 (77. Kg3 {is interesting.} g5
78. Bf7+ Kh6 79. Rb6+ Kg7 80. Be6) 77... Rh2 78. Rxh7+ Kg4 79. Be2+ Kg3 80. Rh6
f4+ $1 81. Kd3 f3 82. Rxg6+ Kf4 $1 83. Rf6+ Ke5 84. Rxf3 Rxh4 85. Rf8 Rd4+ 86.
Kc3 {Re8+ would kill now.} Rd6 (86... Rh4 {feels hotter.} 87. Rd8 Ke6 88. Rd4
Rh2 89. Bc4+ Ke7) 87. Bc4 Ke4 88. Re8+ Kf5 89. Bd3+ Kf4 90. Be4 Rd7 91. Kc4 Ra7
92. Bd5 (92. Kd5 {keeps more tension.} Ra5+ 93. Kc6 Ra6+ 94. Kc7 Ra7+ 95. Bb7)
92... Ra4+ 93. Kc5 Ra1 94. Kd6 Ra6+ 95. Bc6 Ra5 96. Re4+ (96. Rf8+ {feels
hotter.} Rf5 97. Ra8 Rf6+ 98. Kd5 Rh6 99. Rf8+) 96... Kf5 97. Re3 Kf4 (97...
Ra6 {with more complications.} 98. Rh3 Ra2 99. Rf3+ Kg4 100. Bd5 Re2) 98. Rf3+
Kg5 (98... Kg4 $11) 99. Bd5 Kg4 100. Rf7 (100. Rf1 {looks sharper.} Kg3 101.
Rf8 Rb5 102. Ke5 Kg4 103. Rf1) 100... Kg5 101. Ke5 Rb5 102. Rg7+ Kh5 103. Rg2 (
103. Rh7+ {is interesting.} Kg5 104. Rd7 Ra5 105. Rg7+ Kh4 106. Rg8) 103... Ra5
104. Rg1 Rb5 105. Kd4 (105. Rh1+ {keeps more tension.} Kg6 106. Rh2 Kg5 107.
Rg2+ Kh6 108. Ke6) 105... Kh6 106. Be4 (106. Rf1 $14) 106... Rg5 $1 $11 107.
Rf1 Ra5 ({Black should play} 107... Kg7 $11) 108. Ke3 (108. Bd5 $1 $14) 108...
Kg5 {The position is equal.} 109. Rg1+ Kf6 $1 110. Kf4 Ra2 111. Rg6+ Ke7 112.
Bf5 Rf2+ 113. Kg5 Re2 114. Ra6 Re1 115. Bg4 Re5+ 116. Kf4 (116. Kg6 {is more
complex.} Re1 117. Ra7+ Kd6 118. Rd7+ Kc6 119. Rd2) 116... Re1 117. Rb6 Rf1+
118. Ke5 Re1+ (118... Ra1 {keeps more tension.} 119. Kd4 Ra4+ 120. Ke3 Ra3+
121. Kd4 Ra4+) 119. Kd5 Re3 (119... Ra1 {looks sharper.} 120. Rh6 Ra5+ 121. Ke4
Ra4+ 122. Kf5 Rb4) 120. Bf5 Re1 (120... Kf8 {with more complications.} 121. Bh7
Ke7 122. Kc4 Re1 123. Kb5 Rh1) 121. Be4 Rd1+ 122. Ke5 Re1 (122... Rd2 {seems
wilder.} 123. Rb8 Kf7 124. Rb7+ Ke8 125. Rb8+ Ke7) 123. Rb7+ Ke8 124. Kd5 Kf8
125. Bf5 Re7 (125... Re3 {is interesting.} 126. Kd6 Re2 127. Rb8+ Kg7 128. Kc5
Kf6) 126. Rb1 Re2 127. Bg4 Re3 128. Be6 Ke7 129. Rh1 Rd3+ 130. Ke4 Rd2 131. Bc4
Kd6 132. Bd5 Rxd5 {Blacks defense is rewarded with a draw.  Weighted Error
Value: White=0.17/Black=0.11} 1/2-1/2

[Event "FIDE Chesscom Grand Swiss 2021"]
[Site "Riga"]
[Date "2021.11.05"]
[Round "9.25"]
[White "Swiercz, Dariusz"]
[Black "Brkic, Ante"]
[Result "1-0"]
[WhiteElo "2647"]
[BlackElo "2621"]
[Annotator "TA"]
[PlyCount "81"]
[EventDate "2021.10.27"]
[EventType "swiss"]
[EventCountry "LAT"]
[Tiebreak "Cut1 Buchholz+Sonneborn-Berger (Swiss)"]
[SourceTitle "playchess.com"]
[Source "ChessBase"]
[SourceQuality "1"]

{[%evp 13,81,14,20,16,18,9,15,11,26,22,36,13,17,21,26,9,13,0,18,0,38,18,55,0,5,
9,10,4,7,10,14,17,194,194,181,175,198,200,186,189,214,208,248,205,197,158,273,
258,339,316,402,332,437,245,437,238,238,238,254,255,275,225,245,242,469,467,
650,618,579,376]} 1. d4 Nf6 2. c4 e6 3. g3 d5 4. Bg2 Bb4+ 5. Nd2 O-O 6. Ngf3 b6
{The main line 6...b6 scores better than 6...dxc4.} 7. O-O Bb7 8. b3 {E16:
Queen's Indian: 4 g3 Bb7 5 Bg2 Bb4+.} Re8 9. Bb2 Nbd7 10. Rc1 {The position is
equal.} Rc8 {[#]} 11. e3 $5 $146 {[%mdl 8] New and interesting.} ({Predecessor:
} 11. Ne5 Nxe5 12. dxe5 Ne4 13. Nxe4 dxe4 14. a3 Qxd1 15. Rcxd1 Be7 16. f4 Red8
17. e3 {1/2-1/2 (41) Socko,B (2627)-Gajewski,G (2613) Warsaw 2019}) 11... c5
12. cxd5 Bxd5 13. Nc4 {Threatens to win with Nd6.} cxd4 14. Qxd4 Bc5 15. Qd3
Qe7 16. Rfd1 Red8 17. Qe2 h6 18. Nfe5 Nxe5 19. Nxe5 Ne4 20. Nd3 Ba3 21. Rxc8
Rxc8 22. Nf4 Bb7 {This move loses the game for Black.} (22... Bxb2 $11 {
and Black has nothing to worry.} 23. Nxd5 exd5 24. Qxb2 Qe6) 23. Bxe4 $18 {
[%mdl 64] Overworked Piece} Bxe4 {[#]} 24. Qa6 $1 {[%csl LRa3,LRc8][%mdl 64]
Double Attack} Rd8 25. Rxd8+ {[%mdl 64] Overworked Piece} Qxd8 26. Bxa3 g5 27.
Ng2 Qd2 28. Qc8+ Kh7 {( -> ...Qd1+)} 29. Qc1 Qe2 (29... Qxa2 $16 {keeps
fighting.} 30. Ne1 Qxb3) 30. Ne1 g4 31. Bb2 h5 32. a3 ({Much less strong is} 
32. Qc3 e5 $18) 32... Kg6 33. Bc3 (33. Qa1 $142) 33... Kf5 $2 (33... f6 {
is a better defense.} 34. Bb4 e5) 34. Qd2 (34. Bb4 $142 a5 {[#]} 35. Qc7 $1)
34... Qxd2 35. Bxd2 Bd5 36. b4 e5 37. a4 {[%cal Ba3a4,Ba4a5][%mdl 32]} f6 38.
a5 b5 $2 (38... Bc6 39. f4 gxf3) 39. Nd3 {White is clearly winning.} Ke4 40.
Nc5+ Kf3 41. Kf1 {Weighted Error Value: White=0.22/Black=0.51} 1-0

[Event "FIDE Chesscom Grand Swiss 2021"]
[Site "Riga"]
[Date "2021.11.05"]
[Round "9.26"]
[White "Abdusattorov, Nodirbek"]
[Black "Kollars, Dmitrij"]
[Result "1-0"]
[WhiteElo "2646"]
[BlackElo "2621"]
[Annotator "TA"]
[PlyCount "159"]
[EventDate "2021.10.27"]
[EventType "swiss"]
[EventCountry "LAT"]
[Tiebreak "Cut1 Buchholz+Sonneborn-Berger (Swiss)"]
[SourceTitle "playchess.com"]
[Source "ChessBase"]
[SourceQuality "1"]

{[%evp 9,159,14,22,3,29,0,0,0,18,16,29,35,39,12,16,37,27,16,27,27,58,65,64,60,
67,56,42,60,61,34,47,31,28,20,30,0,0,0,22,0,0,0,0,0,0,0,8,0,0,0,0,-4,-4,-8,-8,
-9,-7,-19,-19,-10,3,0,0,0,76,76,76,76,76,75,85,85,75,47,84,53,50,41,67,41,41,
41,41,0,67,81,49,13,13,13,13,13,13,13,13,5,6,13,14,0,65,0,65,27,70,81,82,89,89,
89,89,89,89,89,89,89,435,435,435,431,1335,1289,1257,1195,1194,1202,1202,1199,
1196,1196,1196,1174,1153,1059,29957,29962,29962,29964,29965,29966,29965,29967,
29966,29968,29968,29969,29969,29969,29968,29968,29968,29967]} 1. c4 e5 2. g3 c6
3. d4 e4 4. d5 Bb4+ 5. Bd2 Qe7 6. e3 {A20: English Opening: 1...e5.} Nf6 7. Bg2
Na6 8. Ne2 {The position is equal.} cxd5 9. cxd5 {[#]} Nxd5 $146 ({Predecessor:
} 9... O-O 10. Bxb4 Qxb4+ 11. Qd2 Nxd5 12. Nbc3 Nxc3 13. Nxc3 d5 14. O-O Be6
15. Rfd1 f5 16. Nxd5 Qxd2 17. Rxd2 {1/2-1/2 (26) Szczepanski,Z (2475)-Schuster,
P (2454) ICCF email 2016}) 10. Nbc3 Nf6 11. Nf4 {[%mdl 1024] White has
compensation.} (11. a3 $5 {[%cal Ra3b4]} Bxc3 12. Bxc3 $14) 11... O-O 12. O-O
Qe5 13. Qb3 d5 $1 14. a3 Bc5 15. Nfxd5 Nxd5 16. Qxd5 Qxd5 17. Nxd5 f5 {[#]
White must now prevent ...Rd8.} 18. Bc3 Be6 19. Nf4 Bb3 20. g4 fxg4 21. Bxe4
Rf7 22. Nd3 Re8 23. Bg2 Bd6 24. Bd4 b6 25. Rac1 Rc7 26. Rc6 Rxc6 27. Bxc6 Re7
28. Rc1 Nc7 29. Rc3 Bf7 30. Kg2 h5 31. e4 Ne6 32. Be3 Rc7 33. Rc1 g5 34. e5 Bc5
(34... Be7 {seems wilder.} 35. f3 gxf3+ 36. Bxf3 Rxc1 37. Nxc1 g4) 35. Nxc5
Rxc6 36. Nxe6 Rxc1 (36... Rxe6 $11 37. Rc8+ Be8) 37. Bxc1 $16 Bxe6 38. Bxg5 $11
{[%mdl 4096] Endgame KB-KB} Kf7 39. Kg3 b5 40. b4 Bd7 41. Be3 a6 42. Kf4 Ke6
43. Ke4 Be8 44. Kd4 h4 45. Bg5 h3 46. Bf4 Bd7 (46... Kf5 $11 47. Bg3 Ke6) 47.
Kc5 $14 Be8 48. Kb6 Kd5 49. Kxa6 Ke4 50. Bg3 {aiming for e6.} Kd5 51. Kb7 Bd7
52. Kb6 Be8 $1 53. Kc7 Ke6 $1 54. Kb6 ({White should try} 54. Kb7 $11) 54...
Kd5 $1 55. Kb7 Bd7 $1 56. Kc7 Ke6 57. Bh4 Be8 58. Bf6 Bd7 59. Bh8 Be8 60. Kb6
Kd5 61. Bg7 Bd7 62. Kc7 Ke6 $2 {[%mdl 8192] [#] Black cannot hold the game
after this.} (62... Bf5 $16) 63. Bf8 $1 $18 Be8 64. Bd6 Bd7 (64... Kd5 $142 65.
Kd8 Bc6) 65. Bc5 Be8 66. Bd4 Bd7 67. Ba1 Be8 68. Kb6 Kd5 69. Ka6 Kc4 70. e6 Kd5
71. e7 Ke6 72. a4 {White mates.} bxa4 73. b5 Kxe7 74. b6 Bc6 75. b7 Bxb7+ 76.
Kxb7 Ke6 77. Kc6 Kf5 78. Kb5 a3 79. Kb4 a2 80. Kb3 {Weighted Error Value:
White=0.09/Black=0.09} 1-0

[Event "FIDE Chesscom Grand Swiss 2021"]
[Site "Riga"]
[Date "2021.11.05"]
[Round "9.27"]
[White "Saric, Ivan"]
[Black "Praggnanandhaa R"]
[Result "1-0"]
[WhiteElo "2644"]
[BlackElo "2618"]
[Annotator "TA"]
[PlyCount "147"]
[EventDate "2021.10.27"]
[EventType "swiss"]
[EventCountry "LAT"]
[Tiebreak "Cut1 Buchholz+Sonneborn-Berger (Swiss)"]
[SourceTitle "playchess.com"]
[Source "ChessBase"]
[SourceQuality "1"]

{[%evp 9,147,31,58,37,37,34,41,32,39,36,39,32,39,45,37,47,56,37,57,44,60,66,59,
50,42,45,47,42,41,0,0,0,4,0,9,14,0,-29,0,0,0,-14,0,0,4,1,0,0,0,0,59,76,75,7,
350,343,316,245,230,206,237,234,229,233,232,220,204,197,178,118,115,110,243,
243,243,243,243,240,380,380,380,373,366,351,351,345,322,297,262,232,571,554,
591,536,454,378,1245,1277,12835,632,569,506,12838,12839,12838,12837,12836,
12836,12841,12833,1939,6222,927,446,12845,12844,12846,12847,12847,12845,12845,
12846,12846,12847,12847,12846,12850,12849,12850,12850,12850,27999,27999,27999,
27996,27996,27997,27997,27999,27999]} 1. e4 e5 2. Nf3 Nc6 3. Bb5 a6 4. Ba4 Bc5
5. c3 Nge7 6. d4 {C70: Ruy Lopez: 3...a6 4 Ba4, Norwegian and Delayed
Schliemann.} exd4 7. cxd4 Bb4+ 8. Bd2 {White is slightly better.} Bxd2+ 9. Qxd2
d5 10. exd5 Nxd5 11. Bxc6+ bxc6 12. O-O O-O {[#]} 13. Rc1 $1 $146 {[%mdl 8] An
important novelty.} ({Predecessor:} 13. Nc3 Nxc3 14. Qxc3 Be6 15. Ne5 Bd5 16.
b3 a5 17. Nxc6 Bxc6 18. Qxc6 Qxd4 19. Qxc7 {1/2-1/2 (37) Giri,A (2764)-Van
Foreest,J (2671) Wijk aan Zee 2021}) 13... Ne7 14. Rc5 Re8 15. Nc3 f6 16. Re1
Bg4 17. Nh4 Qd7 {With the idea ...Ng6.} 18. h3 Be6 19. Re3 Nd5 20. Rg3 Kh8 21.
Nf3 Nxc3 22. Qxc3 Bd5 23. Qd3 Re4 24. Rc1 Rae8 25. Nd2 Re2 26. Nc4 Bxc4 27.
Qxc4 {[%mdl 64] Double Attack} h6 28. b4 Qd6 29. Rf1 Rb2 (29... Qd5 $11 30.
Qxa6 Rxa2) 30. a3 $1 $14 Ree2 31. Qxa6 ({Better is} 31. Rf3 $16) 31... Qxd4 $2
{[%mdl 8192]} (31... Qxg3 $1 $11 32. Qxe2 (32. fxg3 $2 {gets mated.} Rxg2+ {
[%mdl 64] Double Attack} 33. Kh1 Rh2+ {[%mdl 64] Double Attack} 34. Kg1 Rbg2#)
32... Qxa3 33. Qe8+ Kh7) 32. Qc8+ $18 ({Weaker is} 32. Qxc6 Rbc2 $16) 32... Kh7
{[%cal Re2f2]} 33. Qf5+ Kg8 34. Rd3 Qe5 35. Rd8+ Kf7 {[#]} 36. Rd7+ $1 $40 {
[%mdl 128] White is out for blood.} Ke8 37. Qxe5+ fxe5 38. Rxg7 {[%mdl 4096]
Endgame KRR-KRR} e4 39. Rxc7 (39. h4 $18) 39... e3 $16 {[%cal Re3f2]} 40. Rxc6
{Threatens to win with Re6+.} exf2+ (40... Kd7 $16 {keeps fighting.} 41. Rc5 (
41. Rxh6 $2 exf2+ 42. Kh2 Re1 $19) 41... exf2+ 42. Kh2 Re1) 41. Kh2 $18 Re1 42.
Rc1 Re3 43. a4 Rxb4 (43... Re4 $142 44. a5 Rexb4) 44. Rxf2 Rxa4 45. Rc8+ Ke7
46. Rc7+ Kd6 47. Rh7 Re6 48. Rb2 Kc6 49. Rbb7 Kd5 $2 {[#]} (49... Ra5 {is
tougher.} 50. Rb2 Kd5) 50. Rb5+ $1 Ke4 51. Rh5 Raa6 52. Rb7 Rg6 $2 (52... Kd3
53. g4 Re3 54. Rb3+ Kd4 55. Rxe3 Kxe3) 53. Rb4+ Ke3 54. Re5+ (54. Rf5 $142 Rgf6
55. Re5+ Kd2 56. Rbe4) 54... Kd3 55. Rf5 Ra2 (55... Kc3 $142) 56. Rf3+ Ke2 57.
Rb5 Rd2 58. Rb1 h5 59. Kg1 Rgd6 60. Rb5 Rd1+ 61. Kh2 R1d5 (61... h4 $142 62.
Re5+ Kd2) 62. Rb2+ Rd2 63. Rxd2+ Kxd2 {KR-KR} 64. Kg3 Rg6+ 65. Kf2 Rg5 66. Rf4
Kd3 67. g4 Re5 68. Kg3 Ke3 69. Rf5 Ke4 70. Rxe5+ Kxe5 {White mates.} 71. Kh4
hxg4 72. hxg4 Kf6 73. Kh5 Kf7 74. Kh6 {Weighted Error Value: White=0.25/
Black=0.33} 1-0

[Event "FIDE Chesscom Grand Swiss 2021"]
[Site "Riga"]
[Date "2021.11.05"]
[Round "9.28"]
[White "Bluebaum, Matthias"]
[Black "Jobava, Baadur"]
[Result "1-0"]
[WhiteElo "2640"]
[BlackElo "2582"]
[Annotator "TA"]
[PlyCount "80"]
[EventDate "2021.10.27"]
[EventType "swiss"]
[EventCountry "LAT"]
[Tiebreak "Cut1 Buchholz+Sonneborn-Berger (Swiss)"]
[SourceTitle "playchess.com"]
[Source "ChessBase"]
[SourceQuality "1"]

{[%evp 9,80,20,54,54,65,51,69,13,41,35,37,37,70,20,53,35,45,39,61,66,140,91,93,
56,141,139,172,162,366,374,368,374,378,376,336,313,300,294,290,275,351,339,429,
431,467,452,530,537,533,512,552,541,532,518,602,579,562,563,553,569,560,551,
544,564,604,669,654,654,823,822,830,819,1008]} 1. d4 d5 2. c4 c6 3. Nf3 Nf6 4.
Nc3 dxc4 5. a4 h6 6. e4 {[%mdl 1024] White has compensation. D16: Slav Defence:
5 a4: Lines with 5...Bg4 and 5...Na6.} Bg4 7. Be3 e6 {[#]} 8. Qc2 $146 (8. Bxc4
$14 Nbd7 9. O-O) ({Predecessor:} 8. Bxc4 Bb4 9. Bd3 O-O 10. O-O Nbd7 11. e5 Nh7
12. Qc2 g6 13. Bxg6 Kg7 14. Bxh7 Bxf3 15. gxf3 {1-0 (46) Sultana,S (2008)
-Marufa Azad,S (1164) Dhaka 2021}) 8... Bh5 9. Ne5 Nbd7 {White should prevent .
..Nxe5.} 10. Nxc4 Be7 11. h3 Bg6 12. Bd3 O-O 13. O-O Re8 14. Rad1 Nf8 ({
Better is} 14... Bh7 $14) 15. a5 Rc8 16. Bf4 Nh5 (16... Qxd4 $14 17. Be3 Qd8)
17. Bh2 $1 $16 Qxd4 {[#]} 18. Be5 $1 {[%cal Re5d4]} Qd8 (18... Qc5 {might work
better.}) 19. Be2 $18 Nd7 {[#]} 20. Rxd7 $1 {[%mdl 576] Clearance} Qxd7 21. Rd1
Qd5 22. Rxd5 ({Inferior is} 22. exd5 Bxc2 23. d6 Bxd1 $15) 22... cxd5 23. Nd2
Nf6 24. Qa4 Red8 25. a6 bxa6 26. Bxa6 {White is clearly winning.} Rc5 27. Nb3
dxe4 28. Nxc5 Bxc5 29. Qc6 Bf8 30. Bf4 Kh7 31. Be3 Rb8 32. Bb7 a5 33. Qc7 Bd6
34. Qxd6 Rxb7 35. Bb6 Rd7 36. Qa3 Rd2 37. Be3 Rd3 38. Qxa5 Nd7 39. Qc7 e5 40.
Na4 f5 {Weighted Error Value: White=0.10/Black=0.39} 1-0

[Event "FIDE Chesscom Grand Swiss 2021"]
[Site "Riga"]
[Date "2021.11.05"]
[Round "9.29"]
[White "Yakubboev, Nodirbek"]
[Black "Chigaev, Maksim"]
[Result "1/2-1/2"]
[WhiteElo "2621"]
[BlackElo "2639"]
[Annotator "TA"]
[PlyCount "142"]
[EventDate "2021.10.27"]
[EventType "swiss"]
[EventCountry "LAT"]
[Tiebreak "Cut1 Buchholz+Sonneborn-Berger (Swiss)"]
[SourceTitle "playchess.com"]
[Source "ChessBase"]
[SourceQuality "1"]

{[%evp 16,142,39,42,43,31,31,39,25,-58,-54,-50,34,56,40,48,40,41,52,48,60,52,
71,76,96,97,117,39,41,10,14,20,9,7,27,-13,0,-57,-53,-61,-55,-54,-51,-45,-46,
-64,-63,-78,-77,-72,-77,-75,-77,-80,-64,-62,-44,-57,-39,-39,-24,-62,-47,-70,
-33,-33,-33,-33,-33,-63,-33,-33,-33,-41,-33,-40,-8,-12,0,0,0,0,0,0,0,0,0,0,0,0,
0,0,0,0,0,0,0,0,0,0,0,-81,0,-79,-63,-79,0,-79,-79,-79,-79,-91,-85,-227,-150,
-150,-147,-127,0,0,0,0,0,0,0,0,0,0,0]} 1. d4 Nf6 2. c4 g6 3. f3 d5 4. cxd5 Nxd5
5. e4 Nb6 6. Nc3 Bg7 7. Be3 O-O 8. Qd2 Nc6 9. O-O-O f5 {D70: Grünfeld: Unusual
White 3rd moves (met by ...d5).} 10. h4 fxe4 11. h5 gxh5 {White is slightly
better.} 12. d5 (12. Rxh5 $11 Bf5 13. Bh6 Qxd4 14. Qxd4 Bxd4 15. Nge2) 12...
Ne5 $15 {[%cal Re4f3]} 13. Bh6 {[#]} Bxh6 $146 ({Stronger than} 13... exf3 14.
Bxg7 Kxg7 15. Rxh5 $16) ({Better is} 13... Nec4 $1 $15 14. Qg5 Rf7 15. Bxc4
Nxc4 16. Bxg7 Rxg7 17. Qxh5 Qf8) ({Predecessor:} 13... Nec4 14. Qg5 Rf7 15.
Bxc4 Nxc4 16. Rd4 Qd6 17. Bxg7 Rxg7 18. Qxh5 Qf4+ 19. Kb1 Bf5 20. fxe4 Bg4 21.
Nge2 Qd2 {0-1 (21) Mamedyarov,S (2724)-Kurnosov,I (2602) Moscow 2009}) 14. Qxh6
$14 Qd6 15. Qg5+ Ng6 $1 16. Qxh5 {[%csl Gh1][%cal Rh5h7]} Rf7 17. Nxe4 Qf4+ 18.
Kb1 Bf5 19. Nh3 Qe5 20. Nhg5 {[%mdl 64] Double Attack} Rg7 21. Ne6 (21. g3 $1
$16) 21... Na4 {[%csl Ga4][%cal Re5b2]} 22. Rd2 (22. Nd4 $5 {[%cal Rh5f5]} Rf8
23. Ka1 $11) 22... Nf4 $1 {[%cal Rf4h5]} 23. Nxf4 Qxf4 $40 {[%mdl 128] Black
mounts an attack.} 24. Rc2 Rf8 ({But not} 24... Bxe4 $6 25. fxe4 Kh8 26. e5 $16
) 25. Bd3 {g3 is the strong threat.} Nb6 $1 26. Nc5 (26. Ka1 $11) 26... Rg5 $15
27. Qh4 Qxh4 28. Rxh4 Bxd3 29. Nxd3 Nxd5 30. Nc5 {next Ne6 is good for White.}
Ne3 31. Ne6 Re5 ({Not} 31... Rxg2 $2 32. Rxg2+ Nxg2 33. Rg4+ Kf7 34. Nxf8 $18)
32. Nxf8 Nxc2 33. Kxc2 Kxf8 $17 {[%mdl 4096] Endgame KR-KR} 34. Kd3 Kg7 35. Rb4
b6 36. Ra4 a5 37. Rc4 c5 38. a4 h5 39. Rh4 Kg6 40. g4 hxg4 41. Rxg4+ Kf5 42.
Rh4 e6 {aiming for ...Rd5+.} 43. Rh8 Rd5+ 44. Kc3 Kf4 45. Re8 e5 (45... Ke5 {
seems wilder.} 46. f4+ Kd6 47. b3 Rh5 48. Rc8 Rh3+) 46. Rf8+ Ke3 {Threatens to
win with ...Rd3+.} 47. Rf5 Ke2 48. Kc2 $1 Rd2+ 49. Kb1 Rd5 50. Kc2 $1 Ke3 51.
Kc3 Rd3+ 52. Kc2 Rd2+ 53. Kc3 Rd5 54. Kc2 Ke2 55. b3 Rd2+ 56. Kc1 $1 Rd1+ (
56... Kd3 {looks sharper.} 57. Rxe5 Rh2 58. f4 Rf2 59. f5 Kc3) 57. Kb2 Rd5 ({
Black should try} 57... Rd6 $11) 58. Kc2 $1 Rd2+ 59. Kc1 $1 {[#]} Kd3 $1 60.
Rxe5 {Hoping for Rd5+.} Rf2 ({Black should play} 60... Rg2 $17) 61. Kb1 {[#]} (
61. Re6 $11) 61... Kc3 $1 {[%cal Rc3b3]} 62. Re3+ Kb4 63. Kc1 Ka3 64. Rc3 (64.
Rd3 $17) 64... Re2 65. Rd3 Kb4 66. Kb1 b5 (66... Rh2 $17 67. Kc1 Re2) 67. axb5
$11 {The position is equal.} Kxb5 68. Rc3 Rf2 69. Rc4 Rxf3 70. Kb2 Rd3 71. Rf4
Re3 {Weighted Error Value: White=0.10/Black=0.09} 1/2-1/2